| 000 | 00425nam a2200169Ia 4500 | ||
|---|---|---|---|
| 008 | 100324t2002 xxu||||| |||| 00| 0 sin d | ||
| 041 | _asin | ||
| 080 |
_aX8S31 _bAHU |
||
| 100 | _aAhubudu, Arisen | ||
| 245 | _aඑන කපේ බණ කතා | ||
| 246 | _aEna Kape Bana Katha | ||
| 260 |
_bSadeepa _aColombo _c2002 |
||
| 300 | _a96p., 21 cm | ||
| 942 | _cBK | ||
| 999 |
_c71836 _d71836 |
||
| 003 | LK-CoDNM | ||
| 040 |
_aLK-CoDNM _dLK-CoDNM _eLK-CoDNM |
||